000 00838nam a22002417a 4500
005 20130114122722.0
008 130114t xxu||||| |||| 00| 0 eng d
010 _aENG-106549
020 _c350.00
_a0198092407
020 _c350.00
_a9780198092407
035 _aEN-90082
037 _bDBAD / PUB
040 _aDPL
_bENG
082 _a330
245 _aMid-year economic analysis 2012-13 /
260 _aNew Delhi
_bOxford University Press
_c2013
270 _aYMCA Library Building, Jai Singh Road,
_bNew Delhi
_e110001
300 _aii, 120p.
_c28cm (pbk)
500 _aMinistry of finance, Department of Economic Affairs, Economic Division
700 _954740
942 _2ddc
_cEN
_mMID
_h330
999 _c72919
_d72919